Pla de concertació : xarxa Barcelona Municipis de qualitat, 2008-2011 : instruccions de senyalització : recull normatiu 4 xarxa Barcelona Municipis de qualitat, 2008-2011 :
Publicado:
Barcelona :
Diputació de Barcelona. Àrea de Presidència. Coordinació de Concentració i Assistència Local. Servei de Govern Local, [s.a.]
Descripción Física:
[12] p. : il. col. ; 30 cm
MARC
| LEADER | 00000nam a2200000Ia 4500 | ||
|---|---|---|---|
| 001 | 23786 | ||
| 008 | 160829s9999 xx 000 0 cat d | ||
| 080 | |a FU-60-36 | ||
| 245 | |a Pla de concertació : |b xarxa Barcelona Municipis de qualitat, 2008-2011 : |b instruccions de senyalització : |b recull normatiu 4 | ||
| 260 | |a Barcelona : |b Diputació de Barcelona. Àrea de Presidència. Coordinació de Concentració i Assistència Local. Servei de Govern Local, [s.a.] | ||
| 300 | |a [12] p. : |b il. col. ; |c 30 cm | ||
| 610 | 1 | 0 | |a Barcelona (Catalunya : Província). |b Diputació |v Planificació |9 52706 |
| 650 | |a Serveis municipals |x Barcelona (Província) |x Planificació |9 49239 | ||
| 710 | |a Barcelona (Catalunya : Província). |b Servei de Govern Local |9 12081 | ||
| 901 | |a Arxiu | ||
| 942 | |n 1 | ||
| 952 | |0 0 |1 0 |4 0 |6 FU6036 |7 1 |9 55906 |a Arxiu |b Arxiu |d 2016-12-01 |l 0 |o FU-60-36 |p 23786 |r 2016-12-01 00:00:00 |w 2016-12-01 |y ARXIU | ||
| 999 | |c 59779 |d 59779 | ||